[Event "Olomouc AZ Sanace Cup"]
[Site "Olomouc"]
[Date "1998.08.10"]
[Round "3"]
[White "Babula, Vlastimil"]
[Black "Kalod, Radek"]
[Result "1/2-1/2"]
[WhiteElo "2575"]
[BlackElo "2435"]
[Annotator "Ftacnik,L"]
[PlyCount "106"]
[EventDate "1998.08.08"]
[EventType "tourn"]
[EventRounds "9"]
[EventCountry "CZE"]
[EventCategory "10"]
[SourceTitle "CBM 067"]
[Source "ChessBase"]
[SourceDate "1998.11.30"]
[SourceVersion "2"]
[SourceVersionDate "1998.11.01"]
[SourceQuality "1"]

1. d4 Nf6 2. c4 g6 3. Nc3 d5 4. Nf3 Bg7 5. Qb3 dxc4 6. Qxc4 O-O 7. e4 a6 8. e5
b5 9. Qb3 Nfd7 10. h4 c5 11. e6 c4 12. Qd1 Nb6 13. exf7+ Rxf7 14. h5 (14. Be3
Bg4 15. h5 $1 Bxh5 16. Rxh5 gxh5 17. Ng5 Rf5 18. Qxh5 $18) 14... Nc6 (14... Bg4
15. hxg6 hxg6 16. Bh6 Qf8 17. Be3 Nc6 18. Be2 Nb4 19. a3 Nd3+ 20. Bxd3 Bxf3 21.
gxf3 cxd3 22. Qxd3 Rf5 23. Qe4 $14 {1-0 Gurevich,M-David,A/Echternach op 1998 
(35)}) 15. Be3 Bg4 16. hxg6 hxg6 17. Be2 Nb4 18. Ng5 $5 {Novelty in a well
known position, white hopes to get attack in compensation for the excellent
black's control in the center.} (18. a3 Bxf3 19. gxf3 N4d5 20. Qc2 (20. Rg1 Qd6
(20... Nxe3 21. fxe3 e5 22. d5 e4 23. Rxg6 Qh4+ 24. Kd2 exf3 25. Bxf3 Nd7 26.
Qe2 Ne5 {1/2-1/2 Vinot,S-Mooren,L/olm12 corr9196 1991 (32)}) 21. a4 e5 22. dxe5
(22. axb5 Nxe3 (22... exd4 {1/2-1/2 Moritz,P-Rook,D/FRG jub40 fin1 corr9092
1990}) 23. fxe3 exd4 24. exd4 Qh2 25. Rxg6 Re8 26. Qd2 Qh1+ 27. Kf2 Qxa1 28.
Rxb6 Qh1 29. Rg6 Kh7 30. Rg4 Bf6 31. Ne4 {0-1 Petran,P-Stohl,I/AUT-chT2S 9798
1997}) 22... Qxe5 23. f4 Qf5 24. Rg5 Nxc3 (24... Nxe3 $1 25. fxe3 Qe6 26. a5
Nd7 27. Nd5 Rd8 28. Qc2 $2 (28. Bg4 Qe4 29. Bf3 Qe8 30. Qc2) 28... Nf6 $1 29.
Nxf6+ Bxf6 30. Rxg6+ Rg7 31. Rxg7+ Kxg7 32. Kf2 Bh4+ 33. Kg2 Qxe3 34. Rd1 Qf2+
35. Kh1 Rh8 {0-1 Pecenka,K-Slapak,Z/CSR-ch22 corr 1988}) 25. bxc3 Bxc3+ 26. Kf1
Qh3+ 27. Kg1 Bxa1 28. Bg4 Qh8 29. Rxg6+ Rg7 30. Be6+ Kf8 31. Bc5+ Ke8 32. f5
Rd8 33. Qf3 Be5 34. Qc6+ Nd7 35. Bf7+ {1-0 Petrosian,A-Malaniuk,V/Erevan 1984/
MCD-r8 (35)}) 20... Rf5 21. f4 $1 Nxc3 (21... Nxf4 22. Bxf4 Rxf4 23. O-O-O $5
Qd6 24. Rdg1 $40) 22. bxc3 Nd5 23. Bg4 e6 $1 (23... Rf6 24. f5 Qd7 25. Bg5 Rff8
26. Bh6 $5 $40) 24. Bxf5 exf5 25. Kf1 Qd6 26. Bd2 {1-0 Gurevich,M-Mikhalevski,
V/Vlissingen HZ op 1998 (40)}) 18... Bxe2 19. Qxe2 Nd3+ (19... Rf5 20. O-O-O
Nd3+ 21. Rxd3 cxd3 22. Qxd3 $40) 20. Kf1 Rf5 21. Qg4 (21. Ne6 Qd6 22. Nxg7 Kxg7
$13) 21... Nd5 22. Kg1 (22. Nxd5 $6 Qxd5 23. Qh4 Rxg5 24. Bxg5 Qxd4 25. Rd1
Qxh4 26. Rxh4 Bxb2 $13) 22... Qd7 23. Rh4 (23. Qh4 Nf6 24. g4 Rxg5 $1 25. Qxg5
b4 26. Ne2 Qxg4+ 27. Qxg4 Nxg4 $44) 23... Rd8 $6 {Black probably doesn't have
to protect the queen.} (23... Nf6 $5) (23... Nxe3 24. fxe3 Nxb2 25. Nf3 (25.
Nce4 Nd3 26. Qh3 e6 $15) 25... Qe8 26. Qe4 e6 $13) 24. Rb1 e6 (24... e5 $5 $13)
25. Nce4 Qe7 26. Nf3 N3f4 27. Re1 (27. g3 Nxe3 28. fxe3 Nd5 29. Re1 Nf6 $1 (
29... Rdf8 $2 30. Qxg6 $1 Rxf3 31. Qh7+ Kf7 32. Rg4 $40) 30. Nxf6+ Qxf6 $11)
27... Rdf8 28. g3 Nd3 (28... Nxe3 29. Rxe3 $1 Nd5 30. Qxg6 Rxf3 31. Ng5 Qxg5
32. Qxg5 Nxe3 33. fxe3 $16) 29. Qxg6 Nxe1 30. Nxe1 (30. Nfg5 $2 Rxg5 (30...
Nf3+ $2 31. Nxf3 Rxf3 32. Ng5 $18) 31. Nxg5 (31. Qh7+ Kf7 32. Nxg5+ Ke8 33.
Qg6+ Kd7 34. Rh7 Rg8) 31... Nf3+ 32. Nxf3 Rxf3 $17) 30... Nxe3 31. fxe3 R8f7 $6
{Not a bad defensive move, but black could have forced a draw with 30...Rf1+.}
(31... Rf1+ 32. Kh2 Rxe1 $1 (32... R8f5 33. Ng2 Rb1 34. Nf4 Rxb2+ 35. Kh3 Rb1
36. Nxe6 Rh1+ 37. Kg4 Rxh4+ 38. gxh4 $16) 33. Qh7+ (33. Ng5 Rf2+ 34. Kh3 Rh1+
35. Kg4 Rxh4+ 36. gxh4 Rxb2 $19) 33... Kf7 34. Qh5+ $11) 32. Ng2 e5 33. d5 Rf1+
$2 {Time trouble move, that could have cost dearly.} (33... Kf8 $5) 34. Kh2
R1f5 35. Rg4 $2 {[%mdl 128]} (35. d6 $1 Qa7 36. d7 Qxd7 37. Nc5 Qe7 38. Ne6 $18
) 35... Kf8 36. Nh4 Rf1 37. d6 Qb7 38. Qh7 $2 {Only this move goes in the
wrong direction, white could still have won.} (38. Qe6 $1 Kg8 (38... Qd7 39.
Ng6+ Kg8 40. Ne7+ $18) 39. Ng6 a5 40. Qe8+ Kh7 41. Ng5+ $18) 38... b4 $1 {
[%mdl 256]} 39. Ng6+ Ke8 40. Qg8+ Bf8 41. Kh3 (41. Nxf8 $2 R7f2+ 42. Nxf2 Rxf2+
43. Kg1 Qg2#) 41... c3 42. Nxf8 Rxf8 43. Qg6+ Kd8 (43... Qf7 44. bxc3) 44. Qg5+
Kc8 45. Qxe5 c2 $2 {The final great mistake in a complicated game.} (45... cxb2
$1 46. Qxb2 Qh7+ 47. Rh4 Rh1+ 48. Kg2 Rxh4 49. Qc2+ Kd8 50. gxh4 Rg8+ 51. Kh3
Qd7+ 52. Kh2 Rg4 $19) 46. Qc5+ Kb8 47. Qxc2 Qh7+ 48. Rh4 Qf5+ (48... Rh1+ 49.
Kg2 Rxh4 50. Qc7+ Qxc7 51. dxc7+ Kxc7 52. gxh4 $11) 49. Kh2 Rc8 50. Qg2 Rcc1
51. d7 Qxd7 52. Nf2 Qe7 53. Rf4 Qh7+ 1/2-1/2

[Event "Albert m"]
[Site "Albert"]
[Date "2001.10.14"]
[Round "6"]
[White "Bacrot, Etienne"]
[Black "Sutovsky, Emil"]
[Result "0-1"]
[WhiteElo "2653"]
[BlackElo "2664"]
[Annotator "Ftacnik,L"]
[PlyCount "58"]
[EventDate "2001.10.09"]
[EventType "match"]
[EventRounds "6"]
[EventCountry "FRA"]
[SourceTitle "CBM 086"]
[Source "ChessBase"]
[SourceDate "2002.02.05"]
[SourceVersion "1"]
[SourceVersionDate "2002.02.05"]
[SourceQuality "1"]

1. Nf3 g6 2. c4 Bg7 3. d4 Nf6 4. Nc3 d5 5. Qb3 dxc4 6. Qxc4 O-O 7. Bf4 Na6 8.
e4 c5 9. dxc5 Be6 10. Qb5 Bd7 11. Qxb7 Nxc5 12. Qb4 Ne6 13. Be5 a5 14. Qa3 Qb6
15. Bc4 Ng4 $1 16. Bg3 Qb4 17. Qxb4 axb4 18. Nd5 Bxb2 19. Rb1 Bc3+ 20. Nxc3 {
It is a bit mysterious, why Bacrot repeated the variation of his opponent's
success against Rustemov, white has no advantage.} (20. Ke2 Nc5 21. Nb6 Be6 22.
Bxe6 fxe6 23. Nxa8 Rxa8 24. h3 Rxa2+ 25. Kf1 Nf6 26. e5 Nd5 {0-1 Rustemov,
A-Sutovsky,E/Polanica Zdroj 1999/ (32)}) 20... bxc3 21. O-O (21. Bd5 Rac8 22.
Bb7 Rc5 23. O-O c2 24. Rbc1 Bc6 25. Bxc6 Rxc6 $17) 21... Rac8 22. Ba6 c2 $1 23.
Ra1 (23. Rbc1 Rc3 24. h3 Nf6 25. Be5 Rc5 26. Bd3 Rfc8 $17) 23... Rc3 24. Rfc1
Nc5 25. Be2 (25. Ne5 Nxa6 26. Nxd7 Rd8 27. Nb6 Nb4 28. a3 Nd3 29. Nd5 Nxc1 30.
Rxc1 Rd3 $19) 25... Nxe4 {Black has won the middlegame phase, the pawn on c2
is just too strong.} 26. Bh4 (26. a4 Nxg3 27. hxg3 Rb8 $17) 26... Ngf6 27. Ne1
g5 28. Bg3 (28. f3 gxh4 29. fxe4 Ba4 30. Bd3 Rd8 31. Bxc2 Rdc8 32. Bxa4 Rxc1
$19) 28... Nxg3 29. hxg3 Ba4 (29... Ba4 30. Bd3 Rd8 $19) 0-1

[Event "Bundesliga 0102"]
[Site "Germany"]
[Date "2002.04.27"]
[Round "14.2"]
[White "Epishin, Vladimir"]
[Black "Berndt, Stephan"]
[Result "1-0"]
[WhiteElo "2583"]
[BlackElo "2479"]
[Annotator "Ftacnik,L"]
[PlyCount "68"]
[EventDate "2001.10.06"]
[EventType "team-tourn"]
[EventRounds "15"]
[EventCountry "GER"]
[SourceTitle "CBM 089"]
[Source "ChessBase"]
[SourceDate "2002.08.12"]
[SourceVersion "1"]
[SourceVersionDate "2002.08.12"]
[SourceQuality "1"]
[WhiteTeam "Luebeck"]
[BlackTeam "Neukoelln"]
[WhiteTeamCountry "GER"]
[BlackTeamCountry "GER"]

1. d4 Nf6 2. c4 g6 3. Nc3 d5 4. Nf3 Bg7 5. Qb3 dxc4 6. Qxc4 O-O 7. e4 Na6 8.
Be2 c5 9. d5 e6 10. O-O exd5 11. exd5 Bf5 12. Be3 Qb6 13. b3 Rfe8 14. Rad1 Rad8
15. h3 h6 16. Bd3 Bxd3 17. Rxd3 Nd7 (17... Rd7 18. Rc1 $14) 18. d6 $5 {[%mdl
32] Spirited idea, white's passed pawn may not survive on d6 but in all
variations white has won a great square for his knight on d5.} Qc6 (18... Qa5
19. Nd5 Qxa2 20. Ne7+ Kf8 21. Qf4 (21. Qh4 Nb4 22. Rd2 Qxb3 23. Bxh6 Qc3 24.
Bg5 $40) 21... g5 22. Qf5 Nb4 23. Bxg5 hxg5 24. Nxg5 Nf6 25. Nh7+ (25. Qe6 $6
fxe6 26. Nxe6+ Kf7 27. Ng5+ $11) 25... Nxh7 26. Qxh7 Rxd6 27. Qg8+ Kxe7 28.
Re1+ $18) (18... Nb4 19. Nd5 Nxd5 20. Rxd5 Qc6 21. Rd2 Re6 22. Rfd1 $14) 19.
Nd5 Qxd6 20. Rfd1 Nb6 (20... Qe6 21. Qh4 $1 (21. Qc1 g5 22. h4 g4 $13) 21...
Qe4 (21... g5 22. Nxg5 hxg5 23. Bxg5 $16) 22. Qxe4 Rxe4 23. Nc7 Nxc7 24. Rxd7
Rxd7 25. Rxd7 Ne6 26. Rxb7 $16) (20... Qc6 21. Qh4 g5 22. Nxg5 hxg5 23. Bxg5
Rc8 24. Ne7+ Rxe7 25. Bxe7 $16) 21. Nxb6 Qxb6 22. Rd7 Rf8 (22... Qf6 23. Qb5
Rxd7 24. Rxd7 Rb8 25. Rxb7 Qa1+ 26. Kh2 Rxb7 27. Qxb7 Qxa2 28. Qa8+ Kh7 29.
Qxa7 $16) 23. Qe4 {White obviously has got a lot of pressure for his
sacrificed pawn, black's knight still sits at the edge on a6.} Nb4 (23... Nb8
24. Rxd8 Rxd8 25. Rxd8+ Qxd8 26. Qxb7 Qd1+ 27. Kh2 Qd6+ 28. g3 Nc6 29. Nd2 $14)
24. Qe7 Nc6 25. Qxc5 Rxd7 (25... Qa6 26. Rxd8 Rxd8 27. Rxd8+ Nxd8 28. Qxa7 $16)
26. Rxd7 Qxc5 27. Bxc5 Rb8 28. Be3 (28. Bd6 $2 Rd8 $11) 28... g5 (28... Kf8 29.
Rc7 $16) 29. g4 $1 Kf8 30. h4 Ke8 31. Rd5 f6 (31... gxh4 32. Nxh4 Ne7 33. Rh5
$16) 32. Kg2 Rd8 $6 {Bernd underestimated the dangers hidden in a simplified
position.} (32... Rc8 $5 33. Rd6 b6 34. Kg3 $14) 33. Rxd8+ Kxd8 34. Nd4 $1 Ne5
$2 (34... Ne5 $2 35. Ne6+ $18) (34... Nxd4 35. Bxd4 a6 36. f4 gxh4 37. Kh3 $16)
1-0

[Event "Escaldes zt"]
[Site "Escaldes"]
[Date "1998.11.07"]
[Round "2"]
[White "Bacrot, Etienne"]
[Black "Van Wely, Loek"]
[Result "1/2-1/2"]
[WhiteElo "2555"]
[BlackElo "2635"]
[Annotator "Ftacnik,L"]
[PlyCount "102"]
[EventDate "1998.11.06"]
[EventType "swiss"]
[EventRounds "9"]
[EventCountry "AND"]
[SourceTitle "CBM 068"]
[Source "ChessBase"]
[SourceDate "1999.02.01"]
[SourceVersion "1"]
[SourceVersionDate "1999.02.01"]
[SourceQuality "1"]

1. d4 Nf6 2. Nf3 g6 3. c4 Bg7 4. Nc3 d5 5. Qb3 dxc4 6. Qxc4 O-O 7. e4 a6 8. Be2
b5 9. Qb3 c5 10. dxc5 Bb7 11. O-O Nxe4 12. Nxe4 Bxe4 13. Bg5 Nc6 14. Qe3 Bf5
15. Bh6 Bxb2 16. Rad1 Qa5 (16... Qc7 17. Bxf8 Rxf8 18. Bd3 (18. Ng5 h6 19. Nh3
Bxh3 20. gxh3 Bg7 21. Bf3 Ne5 22. Be2 {1/2-1/2 Karpeshov,O-Tseshkovsky,V/
Elista 1994/CBM 44 (22)}) 18... Bxd3 19. Rxd3 Bf6 20. Rfd1 b4 21. h4 h5 22. Qe4
a5 23. Rd7 {1-0 Shneider,A-Yermolinsky,A/Telavi 1982/MCD (42)}) 17. Bxf8 Rxf8
18. Bd3 Bxd3 19. Rxd3 Qxa2 (19... Bf6 20. a3 b4 21. Rb1 Qb5 22. axb4 a5 23. Nd2
axb4 24. Ne4 Be5 25. g3 Ra8 26. h4 h5 {0-1 Piket,J-Ivanchuk,V/Monaco 1995/CBM
46 ext (53)}) 20. Rd2 Qa3 21. Qe4 (21. Qxa3 Bxa3 22. Ra1 Bb4 23. Rd7 Rc8 24.
Rxa6 Bxc5 $15) 21... Rc8 22. Ng5 (22. Rb1 Bf6 $17) 22... Bc1 $5 {White has won
an exchange, but his pieces lack coordination and black has two dangerous
passed pawns.} (22... Bf6 23. Qg4 Rc7 (23... e6 $2 24. Nxe6 Ne5 25. Qf4 Bh8 26.
Rfd1 $18) 24. Ne4 Be5 25. Qd1 (25. Rd7 Qa5 $15) 25... Qb4 26. Re1 Kg7 (26... f5
27. Ng5 (27. Ng3 Bc3 28. Rd8+ Kg7 $19) 27... Bxh2+ 28. Kxh2 Qf4+ 29. Kg1 Qxg5
30. Ra2 $15) 27. g3 h6 {1/2-1/2 Sosonko,G-Svidler,P/St.Petersburg 1997/ (38)})
23. Qd5 (23. Qg4 e6 24. Qh4 h5 25. Rdd1 Bb2 $17) 23... Ne5 (23... e6 24. Qd7
Rf8 25. Rc2 Bxg5 26. Qxc6 $13) 24. Qb7 (24. Rc2 Bxg5 25. Qxe5 Bf6 $15) 24...
Rf8 25. Rd5 Bxg5 (25... Nc4 26. Qxe7 $16) 26. Rxe5 Bf6 27. Rd5 e6 (27... b4 $2
28. c6 $14) 28. Rd6 Qxc5 29. Rxa6 Bd4 $1 (29... Qh5 30. h3 $11) 30. Ra5 Rd8 31.
Rxb5 Bxf2+ $1 {[%mdl 64] Winning f2 pawn is important for black, now he can
easily hold any normal endgame.} 32. Kh1 (32. Rxf2 $2 Rd1#) 32... Qc4 33. Rbb1
Qe2 34. Qe7 Rf8 35. Qf6 Bc5 36. Rbd1 Ba3 37. Rb1 (37. Rd8 $2 Qxf1+ $1 38. Qxf1
Rxd8 $17) 37... Bd6 38. Rf2 Qh5 39. h3 Qc5 40. Rd1 h5 41. Rff1 Be5 42. Qg5 Bd6
(42... Qc7 43. Rc1 $11) 43. Qxc5 Bxc5 {This position is easily drawn even
without e6 pawn.} 44. g4 h4 (44... hxg4 45. hxg4 Kg7 $11) 45. Rd7 Be3 46. Kg2
Bg5 47. Rb7 Kg7 48. Re1 Re8 49. Rf1 Rf8 (49... Bf6 50. g5 Be7 51. Rf4 e5 52.
Rf1 $11) 50. Re1 Re8 51. Rf1 Rf8 1/2-1/2

[Event "Sarajevo Bosnia 29th"]
[Site "Sarajevo"]
[Date "1999.05.26"]
[Round "9"]
[White "Bareev, Evgeny"]
[Black "Shirov, Alexei"]
[Result "1/2-1/2"]
[WhiteElo "2679"]
[BlackElo "2726"]
[Annotator "Ftacnik,L"]
[PlyCount "71"]
[EventDate "1999.05.17"]
[EventType "tourn"]
[EventRounds "9"]
[EventCountry "BIH"]
[EventCategory "19"]
[SourceTitle "CBM 071"]
[Source "ChessBase"]
[SourceDate "1999.08.01"]
[SourceVersion "1"]
[SourceVersionDate "1999.08.01"]
[SourceQuality "1"]

1. d4 {Cifuentes Parada,R} Nf6 2. c4 g6 3. Nc3 d5 4. Nf3 Bg7 5. Qb3 dxc4 6.
Qxc4 O-O 7. e4 a6 8. Be2 b5 9. Qb3 c5 10. dxc5 Bb7 (10... Qc7 {Cifuentes
Parada,R} 11. Be3 Bb7 12. Nd5 Qa5+ 13. Nd2 (13. Kf1 $5) 13... Nxe4 14. Bf3 Nxd2
15. Bxd2 Qd8 16. Rd1 $14 {Moisieev,O-Florian,T/cr 1975}) 11. O-O (11. a4 $6 {
Cifuentes Parada,R} Nbd7 12. axb5 Nxc5 13. Qb4 Nd3+ 14. Bxd3 Qxd3 15. Ne5 Qd6
16. Nc6 Qxb4 17. Nxb4 Nxe4 18. Nxe4 Bxe4 19. f3 (19. bxa6 Bxg2) 19... axb5 $17)
11... Nxe4 12. Nxe4 Bxe4 13. Bg5 Nc6 (13... h6 $2 {Cifuentes Parada,R} 14. Qe3
$16) 14. Qe3 Bf5 (14... Qd5 $6 {Cifuentes Parada,R} 15. Rad1 Qf5 16. Bh6 Bxh6
17. Qxh6 f6 18. Nd4 $1 Qe5 (18... Nxd4 19. Rxd4 Rfd8 20. Rfd1 Rxd4 21. Rxd4 Bc6
22. Qe3 $14) 19. Qe3 Rac8 20. b4 (20. f4 Qxc5 21. Qxe4 Rfd8 22. b4 Qa7) 20...
Nxb4 21. Qb3+ Nd5 22. f3 $16) 15. Bh6 Bxb2 {Cifuentes Parada,R: ''!?''} (15...
Bxh6 {Cifuentes Parada,R} 16. Qxh6 f6 17. Qe3 Qc7 18. Nd4 Nxd4 19. Qxd4 Rfd8
20. Qe3 $14) 16. Rad1 Qa5 {Cifuentes Parada,R: ''!''} (16... Qc7 $6 {Cifuentes
Parada,R} 17. Bxf8 Rxf8 18. Bd3 Bxd3 19. Rxd3 Bf6 20. Rfd1 b4 21. h4 h5 22. Qe4
a5 23. Rd7 Qc8 24. Qc2 Kg7 25. Qa4 Nb8 26. R7d3 Nc6 27. Qb5 $16) 17. Bxf8 Rxf8
18. Bd3 Bxd3 19. Qxd3 (19. Rxd3 {Cifuentes Parada,R} Qxa2 (19... Bf6 20. a3 (
20. Ra3 $1 Qc7 21. Rxa6 Nb4 22. Rxf6 exf6 23. a3 Nd5 24. Qd4 Qc6 25. Rc1 $14)
20... b4 21. Rb1 Qb5 22. axb4 a5 23. Nd2 axb4 24. Ne4 Be5 25. g3 Ra8 26. h4 h5
{0-1, Piket,J-Ivanchuk,V/ Mónaco rapid 1997 (48)}) 20. Rd2 (20. Qe2 Qc4 $1)
20... Qa3 21. Qe4 (21. Qxa3 Bxa3 22. Ra1 Bb4 23. Rd7 Rc8 (23... Bc3 24. Rc1 b4
25. Rc7 $14) (23... Ba5 24. Kf1 Rc8 25. Ke2 Kf8 26. Nd2 Bxd2 27. Kxd2 a5) 24.
Rxa6 Bxc5 $15) 21... Rc8 22. Ng5 Bc1 $5 23. Qd5 Ne5 $1 24. Qb7 Rf8 25. Rd5 Bxg5
26. Rxe5 Bf6 27. Rd5 e6 28. Rd6 Qxc5 $11 {1/2-1/2 Bacrot,E-Van Wely,L/Andorra 
(zt) 1998 (51)}) 19... Qxa2 20. Rd2 (20. Qc2 $5 {Cifuentes Parada,R} Nb4 $1 21.
Qe4 Qc4 22. Qxe7 Nd5 23. Qd6 Nc3 24. Ne5 Ne2+ 25. Kh1 Bxe5 26. Qxe5 Nc3 27. Rc1
b4 $132) 20... Rd8 21. Qb1 $5 {[%mdl 4] Cifuentes Parada,R: ''!''   Bareev has
done his homework and came with the improvement in the famous line. White
needs to exchange pieces in order to emphasise the potential of the c5 pawn.} (
21. Qe2 {Cifuentes Parada,R} Rxd2 22. Qxd2 b4 23. h4 h6 $1 24. Re1 b3 25. Re2
Qa1+ 26. Kh2 Bf6 27. Qd7 Qf1 $1 $19 28. Re6 (28. Re1 Qb5) 28... fxe6 29. Qxc6
b2 30. Qxe6+ Kh8 31. c6 Qc1 $1 {0-1 Piket,J-Van Wely,L/ Holland (tt) 1999})
21... Qxb1 22. Rxd8+ Nxd8 23. Rxb1 Ba3 (23... Bf6 {Cifuentes Parada,R}) (23...
Bc3 {Cifuentes Parada,R} 24. Rd1 Nc6 25. Rd7 b4 26. Rc7 Na5 27. Rc8+ Kg7 28. c6
$16) 24. Rd1 Nc6 (24... Ne6 25. c6 Bd6 26. Ra1 {'!' Cifuentes Parada,R.} (26.
Ng5 $1 {Cifuentes Parada,R} Nc7 27. Ne4 Be5 28. g3 $1 f5 29. f4 Bb2 30. Rd7
fxe4 31. Rxc7 Kf7 32. Rd7 $18) 26... Nc7 $13) 25. Rd3 {'?' Cifuentes Parada,R.}
(25. Ra1 $1 {Cifuentes Parada,R} b4 $8 26. Nd2 a5 27. Nc4 Kg7 28. Nxa3 bxa3 29.
Rxa3 Kf6 30. Re3 $1 e5 31. Rd3 Nd4 32. f4 $1 Ne2+ 33. Kf1 Nxf4 34. c6 $1 Ne6
35. Rd7 $18) 25... Bb4 (25... b4 $2 26. Nd4 Nxd4 27. Rxd4 b3 28. c6 b2 29. Rd8+
Kg7 30. Rb8 Bd6 31. Rxb2 $18) 26. Rd7 Kg7 (26... Bxc5 $2 27. Rc7 $18) 27. Rc7
Nd8 28. Ng5 (28. Rxe7 Bxc5 29. Rd7 Ne6 30. Ne5 Kf6 31. Nxf7 a5 $13) (28. c6 {
Cifuentes Parada,R} Bd6 29. Rc8 Ne6) 28... Kf6 $1 {A brave move in the right
direction. Black needs his king to help stop white's dangerous c pawn.} (28...
h6 29. Ne4 Ne6 30. Rc6 $1 (30. Rxe7 Nxc5 31. Nxc5 Bxc5 32. Rc7 $15) 30... Ba5 (
30... a5 31. Rxe6 $1 fxe6 32. c6 $18) 31. Rxa6 Bc7 32. Ra7 $16) 29. Nxh7+ (29.
Ne4+ Ke5 30. Rxe7+ Ne6 31. Nd6 Bxc5 32. Nxf7+ Kf6 33. Rd7 a5 $13) 29... Ke5 (
29... Ke6 30. Nf8+ $14) 30. c6 (30. Rxe7+ $5 Ne6 31. f4+ $1 (31. Rxf7 Bxc5 32.
Kf1 a5 $132 33. Rb7 b4 34. Rb5 a4 $1 35. Ng5 a3 36. Nxe6 Kxe6 $17) 31... Kd4 (
31... Kxf4 $2 32. Rxf7+ Ke5 33. c6 Bd6 34. Nf6 Nc7 35. Rd7 a5 36. Ne4 Kxe4 37.
Rxd6 $18) 32. Rd7+ Kxc5 33. Rxf7 a5 34. Rf6 Kd5 $14) 30... Ne6 31. Ra7 (31. Rc8
$6 Kd6 32. Kf1 a5 33. h4 a4 34. Ng5 Nxg5 35. hxg5 Bc5 $15) (31. Rd7 {Cifuentes
Parada,R} Bd6 32. Ng5 Nxg5 33. c7 Bxc7 34. Rxc7 Ne6 $1 35. Rxe7 b4 (35... a5)
36. Rb7 (36. Rxf7 $2 b3 37. Rb7 Nc5 38. Rb6 Kd4 39. Kf1 Kc3 $19) 36... a5 37.
Rb5+ Kd4 38. Rxa5 b3 39. Kf1 b2 40. Rb5 Kc3 $19) 31... Kd6 32. Rxa6 Bc5 {
Shirov can claim full success, his pieces enjoy good cooperation and white
knight on h7 is completely out of play.} 33. h4 b4 34. Ng5 (34. g4 b3 35. Ra1
Kxc6 36. Rb1 Nd4 37. h5 Nf3+ 38. Kg2 Nd2 39. Rb2 Bb4 40. Ng5 Bc3 41. Nf3 Nxf3
42. Rxb3 Nh4+ 43. Kg3 Bf6 44. h6 g5 $15) 34... Nxg5 35. hxg5 b3 36. Ra1 (36.
Ra1 b2 37. Rb1 Bd4 38. Kf1 $11) 1/2-1/2

[Event "Enghien les Bains 4th"]
[Site "Enghien les Bains"]
[Date "2001.04.12"]
[Round "2"]
[White "Bareev, Evgeny"]
[Black "Van Wely, Loek"]
[Result "1/2-1/2"]
[WhiteElo "2709"]
[BlackElo "2670"]
[Annotator "Ftacnik,L"]
[PlyCount "84"]
[EventDate "2001.04.11"]
[EventType "tourn"]
[EventRounds "9"]
[EventCountry "FRA"]
[EventCategory "17"]
[SourceTitle "CBM 083"]
[Source "ChessBase"]
[SourceDate "2001.07.05"]
[SourceVersion "1"]
[SourceVersionDate "2001.07.05"]
[SourceQuality "1"]

1. d4 Nf6 2. c4 g6 3. Nc3 d5 4. Nf3 Bg7 5. Qb3 dxc4 6. Qxc4 O-O 7. e4 Na6 8.
Be2 c5 9. d5 e6 10. O-O exd5 11. exd5 Bf5 12. Bf4 Qb6 13. Be5 Rfe8 14. Rfd1 (
14. Nb5 Nxd5 15. Qxd5 Nb4 16. Qd6 Bxe5 17. Nxe5 Qxd6 18. Nxd6 Rxe5 19. Bf3 Rd8
20. Nxb7 Rd2 21. a3 Nd3 22. b3 {1/2-1/2 Trmal,J-Kozma,J/Jablonec/1962/ (22)}) (
14. b3 Rad8 15. Rad1 Qa5 16. h3 Nb4 17. g4 Bc8 18. a3 Qxa3 19. Nb5 Qa2 20. Rd2
Qxd2 21. Nxd2 Rxe5 22. Bf3 Nfxd5 {0-1 Sieglen,J-Dolgener,T/Germany/1991/ (33)})
(14. d6 $5 Qxb2 (14... Rxe5 15. Nxe5 Be6 16. Qd3 Nb4 17. Qd2 Ne8 18. Nc4 Bxc4
19. Bxc4 Nxd6 20. Bb3 {1-0 Kazhgaleyev,M-Pujos,S/Nice/2000/ (37)}) 15. Rab1
Bxb1 16. Rxb1 b5 17. Qxb5 Qxb5 18. Bxb5 Red8 19. Bxa6 Ne8 20. Bb7 Bxe5 21. Nxe5
Rab8 22. Nc6 Rxb7 23. Rxb7 Rxd6 24. Nxa7 {1-0 Kazhgaleyev,M-Skytte,R/Cappelle
la Grande/ 2000/ (24)}) 14... Ne4 15. Bxg7 (15. Nxe4 Bxe5 16. Nxe5 Rxe5 17. Ng5
Qxb2 $15) 15... Nd6 (15... Kxg7 16. Nxe4 Rxe4 17. Qc3+ f6 18. Bd3 Rf4 19. Bxa6
bxa6 20. Rac1 Rc8 21. Ne5 $16) 16. Qf4 {[%mdl 4] The variation with 13.Be5
might cause serious problems for black, since it is not clear how he can best
neutralize the pressure.} Kxg7 17. Rac1 (17. Bxa6 Qxa6 18. g4 Bc8 19. Rac1 $14)
17... Rad8 18. b3 Ne4 (18... Qb4 19. Qg3 Qg4 20. Bxa6 bxa6 21. Na4 $16) 19. Na4
Qc7 20. d6 $6 (20. Qh4 $5 f6 21. Bxa6 bxa6 22. Nxc5 Nxc5 23. Qd4 Rc8 24. b4 Re4
25. Rxc5 Qb7 26. Qc3 $16) 20... Rxd6 (20... Nxd6 21. Bxa6 bxa6 22. Nd4 Be4 23.
Nxc5 $14) 21. Rxd6 Qxd6 22. Qxd6 Nxd6 23. Bxa6 bxa6 24. Nxc5 Re2 25. a4 {
The endgame is still slightly better for white, but with the best defense
winning it might not be a realistic prospect.} (25. a3 Ra2 $11) 25... Rb2 26.
Nd4 Ne4 (26... Be4 27. f3 Nf5 28. Nxf5+ Bxf5 29. Rc3 $14) 27. Nxf5+ (27. f3
Nxc5 28. Rxc5 Bb1 29. Rc7 $14) 27... gxf5 28. f3 Nxc5 29. Rxc5 f4 (29... Rxb3
30. Rxf5 $14) 30. h4 Rxb3 31. Kh2 f6 {The rook ending is still difficult
because all black pawns are weak, but the defender has good chances to survive.
} (31... Rb4 32. Ra5 Rb6 33. Kh3 Rg6 34. Rf5 $14) 32. Kh3 Rb2 33. Ra5 Kg6 34.
h5+ Kh6 35. Rf5 (35. Rxa6 Kxh5 (35... Kg5 36. Rxa7 h6 37. Ra5+ f5 38. Rb5 Ra2
39. a5 Ra1 40. g4 fxg3 41. Kxg3 Rg1+ 42. Kf2 Ra1 $14) 36. Rxf6 Kg5 37. Rf7 a6
$14) 35... Ra2 36. Rxf6+ (36. Rxf4 Kxh5 $11) 36... Kg5 (36... Kxh5 37. Rxf4 $16
) 37. Rxa6 Kxh5 38. Rxa7 h6 39. a5 Ra1 40. g4+ (40. Kh2 Kh4 41. a6 h5 $11) (40.
g3 Ra3 $1) 40... Kg5 41. Ra8 Rh1+ 42. Kg2 Ra1 (42... Ra1 43. a6 $6 Kh4 44. a7
Ra2+ 45. Kf1 Kg3 $17) 1/2-1/2